Lab bastah / (Record no. 330627)

000 -LEADER
fixed length control field 00675cam a22002417a 4500
001 - CONTROL NUMBER
control field 14528353
003 - CONTROL NUMBER IDENTIFIER
control field NUST
005 - DATE AND TIME OF LATEST TRANSACTION
control field 20170726125002.0
008 - FIXED-LENGTH DATA ELEMENTS--GENERAL INFORMATION
fixed length control field 060831s2005 pk 000 p urd
010 ## - LIBRARY OF CONGRESS CONTROL NUMBER
LC control number 2006333203
025 ## - OVERSEAS ACQUISITION NUMBER
Overseas acquisition number P-U-2006333203; 10; 11
040 ## - CATALOGING SOURCE
Original cataloging agency DLC
Transcribing agency DLC
Modifying agency DLC
042 ## - AUTHENTICATION CODE
Authentication code lcode
050 00 - LIBRARY OF CONGRESS CALL NUMBER
Classification number MLCMA 2006/00586 (P)
082 ## - DEWEY DECIMAL CLASSIFICATION NUMBER
Classification number 891.4391
Author Mark BEL
100 1# - MAIN ENTRY--PERSONAL NAME
Personal name Belā, Abdāl.
9 (RLIN) 2049
245 10 - TITLE STATEMENT
Title Lab bastah /
Statement of responsibility, etc. Abdāl Belā.
260 ## - PUBLICATION, DISTRIBUTION, ETC.
Place of publication, distribution, etc. Lāhore :
Name of publisher, distributor, etc. Feroz Sanz Limīṭiḍ,
Date of publication, distribution, etc. 2005.
300 ## - PHYSICAL DESCRIPTION
Extent 248 p. ;
Dimensions 23 cm.
500 ## - GENERAL NOTE
General note Poems.
546 ## - LANGUAGE NOTE
Language note In Urdu.
650 ## - SUBJECT ADDED ENTRY--TOPICAL TERM
Topical term or geographic name entry element Urdu Literature
Form subdivision Poetry
9 (RLIN) 3519
880 ## - ALTERNATE GRAPHIC REPRESENTATION
Linkage 100-01\(3\r
Title ابدال بیلا
880 ## - ALTERNATE GRAPHIC REPRESENTATION
Linkage 245-02\(3\r
Title لب بستہ
c ابدال بیلا
880 ## - ALTERNATE GRAPHIC REPRESENTATION
Linkage 260-03\(3\r
Title لاہور:
b فیروز سنز،
c 2005
906 ## - LOCAL DATA ELEMENT F, LDF (RLIN)
a 7
b ibc
c origode
d 4
e ncip
f 20
g y-gencatlg
942 ## - ADDED ENTRY ELEMENTS (KOHA)
Source of classification or shelving scheme
Koha item type Book
Holdings
Withdrawn status Lost status Source of classification or shelving scheme Damaged status Not for loan Collection code Permanent Location Current Location Shelving location Date acquired Total Checkouts Full call number Barcode Date last seen Date last checked out Copy number Price effective from Koha item type
            Central Library (CL) Central Library (CL) Fiction 07/26/2017 1 891.4391 BEL CL2891 12/30/2020 01/25/2019 1 07/26/2017 Book
© 2023 Central Library, National University of Sciences and Technology. All Rights Reserved.